Tìm hiểu môn học kinh tế chính trị Mác - Lênin : Dưới dạng hỏi & đáp /
Bewaard in:
| Hoofdauteur: | |
|---|---|
| Andere auteurs: | |
| Formaat: | Sách giấy |
| Taal: | Vietnamese |
| Gepubliceerd in: |
H. :
Chính trị-Hành chính,
2009.
|
| Onderwerpen: | |
| Tags: |
Voeg label toe
Geen labels, Wees de eerste die dit record labelt!
|
| Thư viện lưu trữ: | Thư viện Trường Đại học Đà Lạt |
|---|
| LEADER | 00822nam a2200301 4500 | ||
|---|---|---|---|
| 001 | DLU090074836 | ||
| 005 | ##20090610 | ||
| 040 | # | # | |a DLU |b vie |
| 041 | # | # | |a vie |
| 044 | # | # | |a vn |
| 082 | # | # | |a 335.412 |b VU-P |
| 100 | # | # | |a Vũ Văn Phúc, |c PGS.TS. |
| 245 | # | # | |a Tìm hiểu môn học kinh tế chính trị Mác - Lênin : |b Dưới dạng hỏi & đáp / |c Vũ Văn Phúc, Mai Thế Hởn. |
| 260 | # | # | |a H. : |b Chính trị-Hành chính, |c 2009. |
| 300 | # | # | |a 166 tr. ; |c 21 cm |
| 650 | # | # | |a Kinh tế học Mác - Lênin |v Hỏi và đáp. |
| 700 | # | # | |a Mai Thế Hởn, |c TS. |
| 923 | # | # | |a 06/2009 |
| 991 | # | # | |a GT |
| 992 | # | # | |a 18000 |
| 994 | # | # | |a DLU |
| 900 | # | # | |a True |
| 911 | # | # | |a Đào Thị Thu Huyền |
| 925 | # | # | |a G |
| 926 | # | # | |a A |
| 927 | # | # | |a SH |
| 980 | # | # | |a Thư viện Trường Đại học Đà Lạt |